000 01271nam a2200373 a 4500
001 vtls000735389
003 NLI
005 20210627043913.0
008 110317s2008 ii e 000 0 eng d
020 _a9788184000610 (pbk)
_cRs.299.00
039 9 _a201103171637
_btapass
_c201103171635
_dtapass
_y201103171634
_ztapass
040 _aNLI
_beng
041 0 _aeng
044 _aii
082 0 4 _a823.92
_222
100 1 _aKapur, Manju
_9725714
245 1 4 _aThe immigrant /
_cManju Kapur
260 _aUttar Pradesh :
_bRandom House,
_cc 2008
300 _a[5], 334 p. ;
_c20 cm.
650 0 _aArrange marriage
_vFiction
_9725715
650 0 _aWomen college teachers
_zIndia
_zNew Delhi
_vFiction
_9725716
650 0 _aEast Indians
_xCanada
_vFiction
_9725717
650 0 _aMan-women relatioships
_vFiction
_9725718
650 0 _aImmigrants
_zCanada
_xSocial conditions
_vFiction
_9725719
651 0 _aCanada
_vFiction
_9725720
887 _atapas
901 _aDB121305 :
_b20.11.10
902 _aE 823.92 K 143
904 _atapas
949 _AVIRTUAITEM
_D10000
_X100
_6DBA000121305ENG
942 _2ddc
_cBKS
999 _aVIRTUA
_c596368
_d596368
999 _aVTLSSORT0080*0200*0400*0410*0440*0820*1000*2450*2600*3000*6500*6501*6502*6503*6504*6510*8520*9010*9020*9040*9992